Этнография.(коллекция Н.) Т. II. (ბიბ.ჩანაწერი № 44745)
[ მარტივი ფორმატი ]
| 000 -LEADER | |
|---|---|
| fixed length control field | 00856nam a2200205Ia 4500 |
| 001 - CONTROL NUMBER | |
| control field | 11550 |
| 003 - CONTROL NUMBER IDENTIFIER | |
| control field | GE_BSU |
| 008 - FIXED-LENGTH DATA ELEMENTS--GENERAL INFORMATION | |
| fixed length control field | 181216s||||||||xx |||||||||||||| ||und|| |
| 040 ## - CATALOGING SOURCE | |
| Transcribing agency | GE_BSU |
| 080 ## - UNIVERSAL DECIMAL CLASSIFICATION NUMBER | |
| Universal Decimal Classification number | 091(=35.1) |
| 245 ## - TITLE STATEMENT | |
| Title | Этнография.(коллекция Н.) Т. II. |
| 245 ## - TITLE STATEMENT | |
| Statement of responsibility, etc. | Составила и подготовила Л.И.Кутателадзе; под.ред: И.В.Абуладзе. |
| 260 ## - PUBLICATION, DISTRIBUTION, ETC. | |
| Place of publication, distribution, etc. | თბილისი. |
| 260 ## - PUBLICATION, DISTRIBUTION, ETC. | |
| Name of publisher, distributor, etc. | საქ.სსრ მეცნ.აკად.გამბა. |
| 260 ## - PUBLICATION, DISTRIBUTION, ETC. | |
| Date of publication, distribution, etc. | 1951. |
| 300 ## - PHYSICAL DESCRIPTION | |
| Extent | 411გვ;26სმ. |
| 520 ## - SUMMARY, ETC. | |
| Summary, etc. | საქართველოს სახელმწიფო მუზეუმის ქართულ ხელნაწერთა აღწერილობა. ტ II. |
| 653 ## - INDEX TERM--UNCONTROLLED | |
| Uncontrolled term | Этнография.(коллекция Н.) Т. II. |
| 942 ## - ADDED ENTRY ELEMENTS (KOHA) | |
| Koha item type | წიგნი |
არაა ხელმისაწვდომი ეგზემპლარები.
